Textbook of food and beverage service / (Record no. 357755)
[ view plain ]
| 000 -LEADER | |
|---|---|
| fixed length control field | 00579nam a2200217Ia 4500 |
| 008 - FIXED-LENGTH DATA ELEMENTS--GENERAL INFORMATION | |
| fixed length control field | 180523s9999 xx 000 0 und d |
| 020 ## - INTERNATIONAL STANDARD BOOK NUMBER | |
| International Standard Book Number | 978-81-313-0677-2 |
| 050 ## - LIBRARY OF CONGRESS CALL NUMBER | |
| Classification number | MAIN TX 911.3 |
| 050 ## - LIBRARY OF CONGRESS CALL NUMBER | |
| Item number | .M27A76 2009 |
| 100 ## - MAIN ENTRY--PERSONAL NAME | |
| Personal name | Arora, R.K. |
| 245 #0 - TITLE STATEMENT | |
| Title | Textbook of food and beverage service / |
| 245 #0 - TITLE STATEMENT | |
| Statement of responsibility, etc | R.K. Arora. |
| 260 ## - PUBLICATION, DISTRIBUTION, ETC. (IMPRINT) | |
| Place of publication, distribution, etc | New Delhi : |
| 260 ## - PUBLICATION, DISTRIBUTION, ETC. (IMPRINT) | |
| Name of publisher, distributor, etc | APH Publishing, |
| 260 ## - PUBLICATION, DISTRIBUTION, ETC. (IMPRINT) | |
| Date of publication, distribution, etc | 2009 |
| 300 ## - PHYSICAL DESCRIPTION | |
| Extent | 274 pages : |
| 300 ## - PHYSICAL DESCRIPTION | |
| Dimensions | 21 cm. |
| 500 ## - GENERAL NOTE | |
| General note | Includes bibliographical references and index. |
| 650 ## - SUBJECT ADDED ENTRY--TOPICAL TERM | |
| Topical term or geographic name as entry element | Food service management. |
| 650 ## - SUBJECT ADDED ENTRY--TOPICAL TERM | |
| General subdivision | Bartending. |
| Withdrawn status | Lost status | Damaged status | Home library | Current library | Shelving location | Date acquired | Cost, normal purchase price | Total Checkouts | Full call number | Barcode | Date last seen | Price effective from | Koha item type |
|---|---|---|---|---|---|---|---|---|---|---|---|---|---|
| South Mansfield College | South Mansfield College | 05/23/2018 | 395.00 | MAIN TX 911.3 .M27A76 2009 | SMC05285 | 05/23/2018 | 05/23/2018 |